| 000 | 00911nam a22002537a 4500 | ||
|---|---|---|---|
| 999 |
_c3105 _d3105 |
||
| 005 | 20231009104455.0 | ||
| 008 | 231009b ||||| |||| 00| 0 eng d | ||
| 020 | _a9781741691030 | ||
| 040 | _cKH8 | ||
| 082 | _aFIC BET | ||
| 100 |
_aBetancourt, Jeanne _eAuthors |
||
| 245 |
_aWestern pony / _cJeanne Betancourt |
||
| 260 |
_aGosford, N.S.W., _b Scholastic, _c2008 |
||
| 300 |
_a 87 pages : _billustrations ; _c20 cm |
||
| 440 |
_a Pony pals, _v22 |
||
| 500 | _aOriginally published: 1999 | ||
| 520 | _aAfter coming home from vacation, Lulu is upset to learn that her beloved horse, Snow White, is missing and becomes even more enraged to learn that she had been ridden by a strange boy without her permission while she was away | ||
| 521 | _aRL 007-010. | ||
| 650 | _aFiction | ||
| 650 | _aFriendship | ||
| 650 | _aHorses Fiction | ||
| 700 |
_aVivien Kubbos _eIllustrator |
||
| 942 |
_2ddc _cFIC |
||